000 01392cam a22003857a 4500
003 CHAP
005 20250904121412.0
008 980324d1997 mx a r 00110 spa d
010 _a75109
011 _a76081
035 _a85658
040 _cCHAP
090 _aTesis
100 1 0 _aRamírez Tolentino, Ángel
_994301
245 1 0 _aDesverdizado de naranja Cv. Valencia tardía mediante la aplicación de etileno gas
_c/por Angel Ramírez Tolentino
260 _aChapingo, Méx. :
_bEl autor,
_c1997.
300 _a81 h. :
_bilus. ; gráfs. ; mapa
502 _aTesis (Ing. Agroindustrial) -- UACH. Departamento de Ingeniería Agroindustrial
590 _aALEPH
_b10
_c20130110
_lUCH01
_h1422
590 _aBATCH-UPD
_b10
_c20130110
_lUCH01
_h0446
590 _aBATCH-UPD
_b10
_c20130410
_lUCH01
_h0122
590 _aBATCH-UPD
_b10
_c20130410
_lUCH01
_h1555
590 _aBATCH-UPD
_b10
_c20130914
_lUCH01
_h0152
590 _aCONVERSION
_b10
_c20130109
_lUCH01
_h1341
650 1 4 _aEtileno
_xEfecto en fruta.
_938603
650 1 4 _aNaranja
_xMaduración.
_980173
650 1 4 _aNaranja
_zVeracruz.
_980199
650 2 4 _aAlimentos
_xPropiedades organolepticas.
_94270
650 2 4 _aNaranja
_xVariedades.
_980194
901 _aBK
905 _aGuadalupe Pinto C.
942 _cFOLL
949 _bBC
_cTES
_d33724000586608
_eTS2
_fc.2
_h32085
_i85658
_si
949 _bBC
_cTES
_d856581
_eTS1
_h32084
_i85658
_sb
999 _c75109
_d75109